World literature / (Record no. 8471)
[ view plain ]
| 000 -LEADER | |
|---|---|
| fixed length control field | 00799cam a2200277 a 4500 |
| 001 - CONTROL NUMBER | |
| JCCL Control Number | 8471 |
| 003 - CONTROL NUMBER IDENTIFIER | |
| JCCL marc code | BD-JhCC |
| 005 - DATE AND TIME OF LATEST TRANSACTION | |
| control field | 20180925173636.0 |
| 008 - FIXED-LENGTH DATA ELEMENTS--GENERAL INFORMATION | |
| fixed length control field | 020607s1998 ctu | |||| ||eng| |
| 020 ## - INTERNATIONAL STANDARD BOOK NUMBER | |
| International Standard Book Number | 0313304084 |
| 035 ## - SYSTEM CONTROL NUMBER | |
| system control number | (BD-JhCC) |
| 035 ## - SYSTEM CONTROL NUMBER | |
| system control number | 1947046 |
| 040 ## - CATALOGING SOURCE | |
| Original cataloging agency | BD-JhCC |
| Modifying agency | BD-JhCC |
| 041 ## - LANGUAGE CODE | |
| Language code of Book | eng |
| 082 ## - DEWEY DECIMAL CLASSIFICATION NUMBER | |
| Classification number | 809 |
| Author mark and Year | TRA 1955 |
| 100 1# - MAIN ENTRY--PERSONAL NAME | |
| Personal name | B. Trawick |
| Dates associated with a name | 1942- |
| 245 10 - TITLE STATEMENT | |
| Title | World literature / |
| Statement of responsibility, etc | B. Trawick |
| 260 ## - PUBLICATION, DISTRIBUTION, ETC. (IMPRINT) | |
| Place of publication, distribution, etc | Westport, Conn. ; |
| -- | London : |
| Name of publisher, distributor, etc | Greenwood, |
| Date of publication, distribution, etc | 1998. |
| 300 ## - PHYSICAL DESCRIPTION | |
| Pagination | 373p. : |
| Dimensions | 25cm. |
| 490 1# - SERIES STATEMENT | |
| Series statement | Contributions to the study of world literature ; |
| Volume number/sequential designation | no.91 |
| 504 ## - BIBLIOGRAPHY, ETC. NOTE | |
| Bibliography, etc | Includes bibliographical references (p.[211]-217) and index. |
| 650 ## - SUBJECT ADDED ENTRY--TOPICAL TERM | |
| Topical term or geographic name as entry element | Literature |
| 830 #0 - SERIES ADDED ENTRY--UNIFORM TITLE | |
| Uniform title | Contributions to the study of world literature ; |
| Volume number/sequential designation | no.91. |
| 942 ## - ADDED ENTRY ELEMENTS (KOHA) | |
| Source of classification or shelving scheme | Dewey Decimal Classification |
| Koha item type | Books |
| Source of classification or shelving scheme | Damaged status | Not for loan | Home library | Current library | Shelving location | Total Checkouts | Full call number | Barcode | Date last seen | Copy number | Koha item type |
|---|---|---|---|---|---|---|---|---|---|---|---|
| Dewey Decimal Classification | JCC Rouf Library | JCC Rouf Library | General Stacks | 809 TRA 1955 | 11054 | 02/25/2018 | C - 1 | Books |